000 00905nam a22002537a 4500
999 _c753
_d753
003 AR-CdUCM
008 190225b ||||| |||| 00| 0 spa d
040 _aMUNICIPALIDAD PROVINCIAL DEL CUSCO
_cBIBLIOTECA MUNICIPAL DEL CUSCO
041 _hfre
082 _a086 /
_bK59
100 _aKlapp, Orrin E.
_92889
245 _aHeroes, villanos y locos /
_cOrrin E. Klapp
260 _aMexico, D.F :
_bGrijalbo,
_c1971.
300 _a155 paginas ;
_c17 cm.
505 _aTriunfadores -- esplendidos ejecutantes -- Héroes de aceptabilidad social -- Espíritus independiente -- Servidores de grupo -- Amenazas al orden y al status ...
650 _aTipos Sociales
_92890
650 _aModelos funcionales
_92891
650 _aSímbolos
_9438
650 _aLibertad
_92892
650 _aEstructura social
_92893
700 _aGayá Nicolau, Guillermo
_92894
942 _2ddc
_cLIBROS
945 _aacv
_d2019-02-25